000 00464pab a2200169 454500
008 180718b2017 xxu||||| |||| 00| 0 eng d
100 _aCluverius, John
245 _aHow the flattened costs of grassroots lobbying affect legislator responsiveness
260 _c2017
300 _ap.279-290.
362 _aJun
650 _aLegislatures
650 _aCivil society
650 _aInterest groups
773 _aPolitical Research Quarterly
909 _a115853
999 _c115847
_d115847